Future campus (Record no. 115849)

MARC details
000 -LEADER
fixed length control field 01310cam a22002535a 4500
001 - CONTROL NUMBER
control field L159380
008 - FIXED-LENGTH DATA ELEMENTS--GENERAL INFORMATION
fixed length control field 170106s2016 xxk f 000 0 eng d
020 ## - INTERNATIONAL STANDARD BOOK NUMBER
International Standard Book Number 9781859466100
035 ## - SYSTEM CONTROL NUMBER
System control number (Sirsi) u159380
041 0# - LANGUAGE CODE
Language code of text/sound track or separate title eng
050 04 - LIBRARY OF CONGRESS CALL NUMBER
Classification number 682.8
100 1# - MAIN ENTRY--PERSONAL NAME
Personal name Taylor, Ian
110 2# - MAIN ENTRY--CORPORATE NAME
Corporate name or jurisdiction name as entry element Higher Education Design Quality Forum
9 (RLIN) 6181
245 00 - TITLE STATEMENT
Title Future campus
Remainder of title Design quality in university buildings
260 ## - PUBLICATION, DISTRIBUTION, ETC.
Place of publication, distribution, etc. Newcastle-upon-Tyne
Name of publisher, distributor, etc. RIBA Publishing
Date of publication, distribution, etc. 2016
300 ## - PHYSICAL DESCRIPTION
Extent xv, 176p
Other physical details ill
Dimensions 22cm
520 ## - SUMMARY, ETC.
Summary, etc. A joint collaboration between RIBA and the Higher Education Design Quality Forum (HEDQF) looking at the design and use of physical space university buildings. Considers strategic masterplanning; space management including adapation of existing buildings to meet changing needs; impact of technology requiring flexbility of buildings; student housing requirements and sustainability. Highlights the importance of the design brief in the planning and construction process. Concludes with a discussion on facilities management issues relating to building performance. Photographs and cases studies.
650 24 - SUBJECT ADDED ENTRY--TOPICAL TERM
Topical term or geographic name entry element UNIVERSITY BUILDINGS
651 #4 - SUBJECT ADDED ENTRY--GEOGRAPHIC NAME
Geographic name International
690 ## - LOCAL SUBJECT ADDED ENTRY--TOPICAL TERM (OCLC, RLIN)
Topical term or geographic name as entry element Design and specification
690 ## - LOCAL SUBJECT ADDED ENTRY--TOPICAL TERM (OCLC, RLIN)
Topical term or geographic name as entry element Property management
9 (RLIN) 6262
690 ## - LOCAL SUBJECT ADDED ENTRY--TOPICAL TERM (OCLC, RLIN)
Topical term or geographic name as entry element Commercial property
9 (RLIN) 6227
942 ## - ADDED ENTRY ELEMENTS (KOHA)
Suppress in OPAC 0
Holdings
Withdrawn status Lost status Source of classification or shelving scheme Damaged status Not for loan Home library Current library Shelving location Date acquired Total Checkouts Full call number Barcode Date last seen Copy number Price effective from Koha item type
    Dewey Decimal Classification     London London Books 06/01/2017   690.23 TAY 30079045 06/08/2019 1 06/08/2019 Book